Pays par une seule indice #8 - Statistiques

Statistiques générales
  • Ce quiz a été pris 258 fois
  • Le résultat moyen est 10 sur 20
Statistiques - réponses
indice pays % Correct
Connu dans sa propre langue comme Deutschland Allemagne
100%
Entre la Lituanie et l'Estonie Lettonie
94%
Dakar est sa capitale Sénégal
88%
La Turquie occupe la partie nord de cette nation insulaire Chypre
80%
Le plus petit pays de la corne de l'Afrique Djibouti
73%
Petit pays pris en sandwich entre la Roumanie et l'Ukraine Moldavie
73%
Le seul pays d'Amérique du Sud avec l'anglais comme langue officielle Guyana
67%
Petit pays juste au nord du Burundi Rwanda
61%
Près de 25% des navires du monde sont enregistrés dans ce pays américain Panama
46%
Pays qui est le plus proche du talon de "la botte d'Italie" Albanie
41%
Ce pays d'Afrique australe est connu pour ses dunes de sable Namibie
40%
Sur les 9,2 millions de résidents de ce pays, 7,8 millions sont des travailleurs étrangers Émirats arabes unis
38%
Résisté avec succès à l'invasion soviétique en 1940 Finlande
36%
Accueil de Gangkhar Puensum, avec une hauteur de 7 570 mètres. C'est la montagne la plus haute et la plus éminente du monde Bhoutan
28%
Partage son nom avec l'un des Grands Lacs en Afrique Malawi
28%
Souffré le plus grand déversement de pétrole de tous les temps en 1991, délibérément causé Koweït
23%
Malgré l'absence d'un patrimoine italien, son nom est l'italien pour "Montagnes de Lion" Sierra Leone
19%
Maison de campagne océanique à l'Atoll de Bikini Îles Marshall
11%
Le dernier pays à abolir l'esclavage, mais 4% de ses citoyens restent esclaves Mauritanie
10%
Ce pays à deux mots avait le plus le bas indice de développement humain au monde en 2015 République Centrafricaine
3%
Aucun quiz correspondant
Distribution des résultats
% des personnes avec chaque résultat
Percentile par nombre de réponses
Votre historique - résultats
Vous n’avez pas pris ce quiz